{"text_format":"3","workbook":"xlsx","n_sheets":1,"sheets":["t165"],"read":"whole","date_system":"1900"}

{"sheet":"t165","index":0,"n_rows":194,"n_cols":7,"rows_kept":194,"merged":[[0,0,0,6],[30,0,30,5],[47,0,47,5],[156,0,156,5]]}
["TABELA 165.1 - Estatísticas Agrícolas, Município de Elias Fausto, Estado de São Paulo, 2007/08."]
["ITEM","UNIDADE","N.DE UPAs","MÍNIMO","MÉDIO","MÁXIMO","TOTAL"]
["Distância à sede do município","km",393,0.1,{"v":6.62,"d":"6.6"},{"v":18,"d":"18.0"},"-"]
["Área total","hectare",393,0.2,{"v":49.52,"d":"49.5"},{"v":1968.6,"d":"1,968.6"},{"v":19463.28,"d":"19,463.3"}]
["Área com cultura perene","hectare",54,0.1,{"v":4.17,"d":"4.2"},12.3,225.1]
["Área com cultura temporária","hectare",242,0.5,48.1,{"v":1671.3,"d":"1,671.3"},{"v":11640.4,"d":"11,640.4"}]
["Área com pastagem","hectare",235,0.2,{"v":15.72,"d":"15.7"},{"v":221,"d":"221.0"},{"v":3695.2,"d":"3,695.2"}]
["Área com reflorestamento","hectare",46,0.2,{"v":16.34,"d":"16.3"},{"v":530,"d":"530.0"},751.8]
["Área com vegetação natural","hectare",239,0.2,{"v":4.91,"d":"4.9"},{"v":120,"d":"120.0"},{"v":1174.46,"d":"1,174.5"}]
["Área com vegetação de brejo e várzea","hectare",17,0.2,{"v":1.48,"d":"1.5"},{"v":4.84,"d":"4.8"},{"v":25.24,"d":"25.2"}]
["Área em descanso","hectare",81,0.1,{"v":3.24,"d":"3.2"},22.5,262.2]
["Área complementar","hectare",317,0.1,{"v":5.33,"d":"5.3"},{"v":290,"d":"290.0"},{"v":1688.88,"d":"1,688.9"}]
["Área das UPAs com (0, 1] ha","hectare",1,0.2,0.2,0.2,0.2]
["Área das UPAs com (1, 2] ha","hectare",3,1.2,{"v":1.73,"d":"1.7"},{"v":2,"d":"2.0"},5.2]
["Área das UPAs com (2, 5] ha","hectare",49,2.1,{"v":3.74,"d":"3.7"},{"v":5,"d":"5.0"},183.5]
["Área das UPAs com (5, 10] ha","hectare",73,5.2,{"v":8.06,"d":"8.1"},{"v":10,"d":"10.0"},588.1]
["Área das UPAs com (10, 20] ha","hectare",84,10.1,{"v":14.93,"d":"14.9"},{"v":20,"d":"20.0"},{"v":1254.4,"d":"1,254.4"}]
["Área das UPAs com (20, 50] ha","hectare",109,20.4,{"v":33.38,"d":"33.4"},{"v":49,"d":"49.0"},{"v":3638.75,"d":"3,638.8"}]
["Área das UPAs com (50, 100] ha","hectare",31,50.4,{"v":68.98,"d":"69.0"},{"v":99,"d":"99.0"},{"v":2138.53,"d":"2,138.5"}]
["Área das UPAs com (100, 200] ha","hectare",31,{"v":101,"d":"101.0"},{"v":135.47,"d":"135.5"},{"v":192,"d":"192.0"},{"v":4199.5,"d":"4,199.5"}]
["Área das UPAs com (200, 500] ha","hectare",7,234.7,{"v":319.09,"d":"319.1"},{"v":432,"d":"432.0"},{"v":2233.6,"d":"2,233.6"}]
["Área das UPAs com (500, 1.000] ha","hectare",3,539.7,698.3,{"v":912,"d":"912.0"},{"v":2094.9,"d":"2,094.9"}]
["Área das UPAs com (1.000, 2.000] ha","hectare",2,{"v":1158,"d":"1,158.0"},{"v":1563.3,"d":"1,563.3"},{"v":1968.6,"d":"1,968.6"},{"v":3126.6,"d":"3,126.6"}]
["Área das UPAs com (2.000, 5.000] ha","hectare","-","-","-","-","-"]
["Área das UPAs com (5.000, 10.000] ha","hectare","-","-","-","-","-"]
["Área das UPAs acima de 10.000 ha","hectare","-","-","-","-","-"]
["Familiares do proprietário que trabalham na UPA","unidade",231,{"v":1,"d":"1.0"},{"v":1.83,"d":"1.8"},{"v":9,"d":"9.0"},{"v":422,"d":"422.0"}]
["Trabalhadores permanentes","unidade",215,{"v":1,"d":"1.0"},{"v":3.79,"d":"3.8"},{"v":150,"d":"150.0"},{"v":815,"d":"815.0"}]
["Fonte: Secretaria de Agricultura e Abastecimento, CDRS/IEA, Projeto LUPA."]
[]
["TABELA 165.2 - Explorações Animais, Município de Elias Fausto, Estado de São Paulo, 2007/08."]
["ITEM","UNIDADE","N.DE UPAs","MÍNIMO","MÉDIO","MÁXIMO","TOTAL"]
["Asininos E Muares","cabeças",21,{"v":1,"d":"1.0"},{"v":2.57,"d":"2.6"},{"v":9,"d":"9.0"},{"v":54,"d":"54.0"}]
["Avicultura de Corte","cabeças/ano",23,{"v":10,"d":"10.0"},{"v":25413.74,"d":"25,413.7"},{"v":180000,"d":"180,000.0"},{"v":584516,"d":"584,516.0"}]
["Avicultura Ornamental/Decorativa/Exótica","cabeças",3,{"v":20,"d":"20.0"},{"v":33.33,"d":"33.3"},{"v":50,"d":"50.0"},{"v":100,"d":"100.0"}]
["Avicultura para Ovos","cabeças",14,{"v":5,"d":"5.0"},{"v":2227.71,"d":"2,227.7"},{"v":30000,"d":"30,000.0"},{"v":31188,"d":"31,188.0"}]
["Bovinocultura de Corte","cabeças",39,{"v":1,"d":"1.0"},{"v":55.56,"d":"55.6"},{"v":355,"d":"355.0"},{"v":2167,"d":"2,167.0"}]
["Bovinocultura Leiteira","cabeças",16,{"v":2,"d":"2.0"},{"v":28.44,"d":"28.4"},{"v":100,"d":"100.0"},{"v":455,"d":"455.0"}]
["Bovinocultura Mista","cabeças",145,{"v":2,"d":"2.0"},26.5,{"v":250,"d":"250.0"},{"v":3842,"d":"3,842.0"}]
["Bubalinocultura","cabeças",1,{"v":4,"d":"4.0"},{"v":4,"d":"4.0"},{"v":4,"d":"4.0"},{"v":4,"d":"4.0"}]
["Caprinocultura","cabeças",1,{"v":6,"d":"6.0"},{"v":6,"d":"6.0"},{"v":6,"d":"6.0"},{"v":6,"d":"6.0"}]
["Equinocultura","cabeças",100,{"v":1,"d":"1.0"},{"v":4.12,"d":"4.1"},{"v":60,"d":"60.0"},{"v":412,"d":"412.0"}]
["Ovinocultura","cabeças",8,{"v":4,"d":"4.0"},{"v":16.13,"d":"16.1"},{"v":30,"d":"30.0"},{"v":129,"d":"129.0"}]
["Piscicultura","m² tanques",4,{"v":8000,"d":"8,000.0"},{"v":22100,"d":"22,100.0"},{"v":48400,"d":"48,400.0"},{"v":88400,"d":"88,400.0"}]
["Suinocultura","cabeças",15,{"v":1,"d":"1.0"},{"v":1064.53,"d":"1,064.5"},{"v":6000,"d":"6,000.0"},{"v":15968,"d":"15,968.0"}]
["Fonte: Secretaria de Agricultura e Abastecimento, CDRS/IEA, Projeto LUPA."]
[]
["TABELA 165.3 -  Máquinas, Implementos e Benfeitorias, Município de Elias Fausto, Estado de São Paulo, 2007/08."]
["ITEM","UNIDADE","N.DE UPAs","MÍNIMO","MÉDIO","MÁXIMO","TOTAL"]
["Arado Comum (Bacia, Aiveca)","Unidade",69,{"v":1,"d":"1.0"},{"v":1.25,"d":"1.3"},{"v":3,"d":"3.0"},{"v":86,"d":"86.0"}]
["Arado Escarificador","Unidade",33,{"v":1,"d":"1.0"},{"v":1.76,"d":"1.8"},{"v":25,"d":"25.0"},{"v":58,"d":"58.0"}]
["Arado Subsolador","Unidade",36,{"v":1,"d":"1.0"},{"v":1.47,"d":"1.5"},{"v":15,"d":"15.0"},{"v":53,"d":"53.0"}]
["Batedeira de Cereais","Unidade",19,{"v":1,"d":"1.0"},{"v":1.05,"d":"1.1"},{"v":2,"d":"2.0"},{"v":20,"d":"20.0"}]
["Carregadeira de Cana","Unidade",15,{"v":1,"d":"1.0"},{"v":1.13,"d":"1.1"},{"v":2,"d":"2.0"},{"v":17,"d":"17.0"}]
["Colhedeira Acoplada","Unidade",17,{"v":1,"d":"1.0"},{"v":1,"d":"1.0"},{"v":1,"d":"1.0"},{"v":17,"d":"17.0"}]
["Colhedeira Automotriz","Unidade",2,{"v":1,"d":"1.0"},1.5,{"v":2,"d":"2.0"},{"v":3,"d":"3.0"}]
["Computador","Unidade",5,{"v":1,"d":"1.0"},{"v":1,"d":"1.0"},{"v":1,"d":"1.0"},{"v":5,"d":"5.0"}]
["Conj.Irrigação Autopropelido","Unidade",2,{"v":1,"d":"1.0"},{"v":1,"d":"1.0"},{"v":1,"d":"1.0"},{"v":2,"d":"2.0"}]
["Conj.Irrigação Convencional","Unidade",99,{"v":1,"d":"1.0"},{"v":1.28,"d":"1.3"},{"v":3,"d":"3.0"},{"v":127,"d":"127.0"}]
["Conj.Irrigação Pivot Central","Unidade",5,{"v":1,"d":"1.0"},{"v":1,"d":"1.0"},{"v":1,"d":"1.0"},{"v":5,"d":"5.0"}]
["Conj.Irrigação/Gotejamento/Microaspersão","Unidade",11,{"v":1,"d":"1.0"},{"v":1.91,"d":"1.9"},{"v":11,"d":"11.0"},{"v":21,"d":"21.0"}]
["Conjunto de Fenação","Unidade",2,{"v":1,"d":"1.0"},{"v":1,"d":"1.0"},{"v":1,"d":"1.0"},{"v":2,"d":"2.0"}]
["Desintegrador de Palha (Plantio Direto)","Unidade",1,{"v":1,"d":"1.0"},{"v":1,"d":"1.0"},{"v":1,"d":"1.0"},{"v":1,"d":"1.0"}]
["Desintegrador, Picador, Triturador","Unidade",55,{"v":1,"d":"1.0"},{"v":1.11,"d":"1.1"},{"v":3,"d":"3.0"},{"v":61,"d":"61.0"}]
["Distribuidor de Calcário","Unidade",13,{"v":1,"d":"1.0"},{"v":1.08,"d":"1.1"},{"v":2,"d":"2.0"},{"v":14,"d":"14.0"}]
["Ensiladeira","Unidade",12,{"v":1,"d":"1.0"},{"v":1.08,"d":"1.1"},{"v":2,"d":"2.0"},{"v":13,"d":"13.0"}]
["Grade Aradora (Tipo Romi)","Unidade",38,{"v":1,"d":"1.0"},{"v":1.21,"d":"1.2"},{"v":3,"d":"3.0"},{"v":46,"d":"46.0"}]
["Grade Niveladora","Unidade",33,{"v":1,"d":"1.0"},{"v":1.03,"d":"1.0"},{"v":2,"d":"2.0"},{"v":34,"d":"34.0"}]
["Implementos para Tração Animal","Unidade",3,{"v":1,"d":"1.0"},{"v":1,"d":"1.0"},{"v":1,"d":"1.0"},{"v":3,"d":"3.0"}]
["Microtrator","Unidade",21,{"v":1,"d":"1.0"},{"v":1.05,"d":"1.1"},{"v":2,"d":"2.0"},{"v":22,"d":"22.0"}]
["Misturador de Ração","Unidade",15,{"v":1,"d":"1.0"},{"v":1.07,"d":"1.1"},{"v":2,"d":"2.0"},{"v":16,"d":"16.0"}]
["Ordenhadeira Mecânica","Unidade",2,{"v":1,"d":"1.0"},{"v":1,"d":"1.0"},{"v":1,"d":"1.0"},{"v":2,"d":"2.0"}]
["Pulverizador Tratorizado","Unidade",103,{"v":1,"d":"1.0"},{"v":1.52,"d":"1.5"},{"v":43,"d":"43.0"},{"v":157,"d":"157.0"}]
["Semeadeira/Adubadeira para Plantio Convencional","Unidade",19,{"v":1,"d":"1.0"},{"v":1.05,"d":"1.1"},{"v":2,"d":"2.0"},{"v":20,"d":"20.0"}]
["Semeadeira/Plantadeira Plantio Direto","Unidade",3,{"v":1,"d":"1.0"},{"v":1,"d":"1.0"},{"v":1,"d":"1.0"},{"v":3,"d":"3.0"}]
["Terraceador","Unidade",4,{"v":1,"d":"1.0"},3.5,{"v":11,"d":"11.0"},{"v":14,"d":"14.0"}]
["Trator de Esteiras","Unidade",3,{"v":1,"d":"1.0"},{"v":1,"d":"1.0"},{"v":1,"d":"1.0"},{"v":3,"d":"3.0"}]
["Trator de Pneus","Unidade",192,{"v":1,"d":"1.0"},{"v":1.98,"d":"2.0"},{"v":92,"d":"92.0"},{"v":381,"d":"381.0"}]
["Açude/Represa","Unidade",217,{"v":1,"d":"1.0"},1.6,{"v":8,"d":"8.0"},{"v":348,"d":"348.0"}]
["Alambique","Unidade",1,{"v":1,"d":"1.0"},{"v":1,"d":"1.0"},{"v":1,"d":"1.0"},{"v":1,"d":"1.0"}]
["Almoxarifado/Oficina","Unidade",11,{"v":1,"d":"1.0"},{"v":1.09,"d":"1.1"},{"v":2,"d":"2.0"},{"v":12,"d":"12.0"}]
["Armazém para Grãos Ensacados","Sacas",4,{"v":1,"d":"1.0"},{"v":3750.75,"d":"3,750.8"},{"v":15000,"d":"15,000.0"},{"v":15003,"d":"15,003.0"}]
["Balança para Bovinos","Unidade",14,{"v":1,"d":"1.0"},{"v":1,"d":"1.0"},{"v":1,"d":"1.0"},{"v":14,"d":"14.0"}]
["Balança para Veículos","Unidade",2,{"v":1,"d":"1.0"},1.5,{"v":2,"d":"2.0"},{"v":3,"d":"3.0"}]
["Barracão para Granja/Avicultura","Unidade",19,{"v":1,"d":"1.0"},{"v":2.26,"d":"2.3"},{"v":6,"d":"6.0"},{"v":43,"d":"43.0"}]
["Barracão/Galpão/Garagem","Unidade",185,{"v":1,"d":"1.0"},{"v":1.38,"d":"1.4"},{"v":10,"d":"10.0"},{"v":256,"d":"256.0"}]
["Casa de Moradia Habitada","Unidade",258,{"v":1,"d":"1.0"},{"v":3.08,"d":"3.1"},{"v":148,"d":"148.0"},{"v":795,"d":"795.0"}]
["Casa de Moradia Total","Unidade",281,{"v":1,"d":"1.0"},{"v":3.46,"d":"3.5"},{"v":151,"d":"151.0"},{"v":972,"d":"972.0"}]
["Curral/Mangueira","Unidade",156,{"v":1,"d":"1.0"},{"v":1.03,"d":"1.0"},{"v":2,"d":"2.0"},{"v":161,"d":"161.0"}]
["Depósito/Tulha","Unidade",121,{"v":1,"d":"1.0"},{"v":1.06,"d":"1.1"},{"v":2,"d":"2.0"},{"v":128,"d":"128.0"}]
["Estábulo","Unidade",11,{"v":1,"d":"1.0"},{"v":1.18,"d":"1.2"},{"v":3,"d":"3.0"},{"v":13,"d":"13.0"}]
["Estufa/Plasticultura","m²",13,{"v":1,"d":"1.0"},{"v":2329,"d":"2,329.0"},{"v":10560,"d":"10,560.0"},{"v":30277,"d":"30,277.0"}]
["Fábrica de Ração","Unidade",8,{"v":1,"d":"1.0"},{"v":1,"d":"1.0"},{"v":1,"d":"1.0"},{"v":8,"d":"8.0"}]
["Instalações para Equinos","Unidade",6,{"v":1,"d":"1.0"},{"v":1.67,"d":"1.7"},{"v":3,"d":"3.0"},{"v":10,"d":"10.0"}]
["Máquina de Benefício","Unidade",1,{"v":1,"d":"1.0"},{"v":1,"d":"1.0"},{"v":1,"d":"1.0"},{"v":1,"d":"1.0"}]
["Olaria","Unidade",4,{"v":1,"d":"1.0"},{"v":1,"d":"1.0"},{"v":1,"d":"1.0"},{"v":4,"d":"4.0"}]
["Packing House","Unidade",1,{"v":1,"d":"1.0"},{"v":1,"d":"1.0"},{"v":1,"d":"1.0"},{"v":1,"d":"1.0"}]
["Pocilga","Unidade",14,{"v":1,"d":"1.0"},{"v":2.86,"d":"2.9"},{"v":8,"d":"8.0"},{"v":40,"d":"40.0"}]
["Poço Semi-Artesiano","Unidade",73,{"v":1,"d":"1.0"},{"v":1.11,"d":"1.1"},{"v":3,"d":"3.0"},{"v":81,"d":"81.0"}]
["Posto Meteorológico","Unidade",2,{"v":1,"d":"1.0"},{"v":1,"d":"1.0"},{"v":1,"d":"1.0"},{"v":2,"d":"2.0"}]
["Secador de Grãos","Unidade",1,{"v":1,"d":"1.0"},{"v":1,"d":"1.0"},{"v":1,"d":"1.0"},{"v":1,"d":"1.0"}]
["Silo para Grãos","t",8,{"v":1,"d":"1.0"},{"v":768.63,"d":"768.6"},{"v":6000,"d":"6,000.0"},{"v":6149,"d":"6,149.0"}]
["Silo para Silagem","t",6,{"v":1,"d":"1.0"},{"v":139.83,"d":"139.8"},{"v":258,"d":"258.0"},{"v":839,"d":"839.0"}]
["Terreiro","m²",7,{"v":1,"d":"1.0"},{"v":236.29,"d":"236.3"},{"v":750,"d":"750.0"},{"v":1654,"d":"1,654.0"}]
["Usina de Açúcar/destilaria","Unidade",1,{"v":1,"d":"1.0"},{"v":1,"d":"1.0"},{"v":1,"d":"1.0"},{"v":1,"d":"1.0"}]
["Fonte: Secretaria de Agricultura e Abastecimento, CDRS/IEA, Projeto LUPA."]
[]
["TABELA 165.4 - Outras Estatísticas Agrícolas, Município de Elias Fausto, Estado de São Paulo, 2007/08."]
["ITEM","Número de UPAs",null,"Percentual"]
["Faz Parte de Associação de Produtores",100,null,{"v":25.44529262086514,"d":"25.4"}]
["Faz Parte de Cooperativa de Produtores",156,null,{"v":39.69465648854962,"d":"39.7"}]
["Faz Parte do Sindicato de Produtores",66,null,{"v":16.793893129770993,"d":"16.8"}]
["Não utiliza assistência técnica ",157,null,{"v":39.94910941475827,"d":"39.9"}]
["Utiliza somente assistência técnica governamental ",52,null,{"v":13.231552162849873,"d":"13.2"}]
["Utiliza somente assistência técnica privada ",51,null,{"v":12.977099236641221,"d":"13.0"}]
["Utiliza assistência técnica tanto governamental quanto privada",133,null,{"v":33.842239185750635,"d":"33.8"}]
["Utiliza Crédito Rural",161,null,{"v":40.966921119592875,"d":"41.0"}]
["Utiliza Seguro Rural",18,null,{"v":4.580152671755725,"d":"4.6"}]
["Utiliza Escrituração Agrícola",144,null,{"v":36.641221374045806,"d":"36.6"}]
["Acessa Internet p/ Fins na Agropecuária",20,null,{"v":5.089058524173028,"d":"5.1"}]
["Utiliza Computador nas Atividades Agropecuárias",27,null,{"v":6.870229007633588,"d":"6.9"}]
["Utiliza Energia Elétrica Para Uso na Atividade Agrícola",255,null,{"v":64.8854961832061,"d":"64.9"}]
["Realiza Análise de Solo, quando necessário",56,null,{"v":14.249363867684478,"d":"14.2"}]
["Utiliza Práticas de Conservação de Solo, quando necessário",233,null,{"v":59.28753180661578,"d":"59.3"}]
["Faz Adubação Mineral, quando necessário",139,null,{"v":35.36895674300255,"d":"35.4"}]
["Faz Adubação Orgânica, quando necessário",72,null,{"v":18.320610687022903,"d":"18.3"}]
["Faz Adubação Verde, quando necessário",7,null,{"v":1.7811704834605597,"d":"1.8"}]
["Utiliza Manejo Integrado de Pragas (MIP)","-",null,"-"]
["Utiliza Hidroponia","-",null,"-"]
["Utiliza Plasticultura",8,null,{"v":2.035623409669211,"d":"2.0"}]
["Utiliza Mudas Fiscalizadas",23,null,{"v":5.852417302798982,"d":"5.9"}]
["Utiliza Semente Melhorada",128,null,{"v":32.56997455470738,"d":"32.6"}]
["Faz Confinamento de Bovinos",18,null,{"v":4.580152671755725,"d":"4.6"}]
["Utiliza Pastejo Intensivo",63,null,{"v":16.030534351145036,"d":"16.0"}]
["Faz Inseminação Artificial",4,null,{"v":1.0178117048346056,"d":"1.0"}]
["Faz Mineralização do Rebanho",159,null,{"v":40.45801526717557,"d":"40.5"}]
["Faz Vermifugação do Rebanho",163,null,{"v":41.475826972010175,"d":"41.5"}]
["Possui Parceiros /Arrendatários na Exploração Animal",59,null,{"v":15.012722646310431,"d":"15.0"}]
["Esporte e lazer",9,null,{"v":2.2900763358778624,"d":"2.3"}]
["Extração mineral","-",null,"-"]
["Hotel Fazenda, Pousada ou SPA",1,null,{"v":0.2544529262086514,"d":"0.3"}]
["Pesque-pague","-",null,"-"]
["Restaurante ou Lanchonete","-",null,"-"]
["Transformação artesanal","-",null,"-"]
["Turismo rural ou ecoturismo","-",null,"-"]
["Outras atividades econômicas rurais",1,null,{"v":0.2544529262086514,"d":"0.3"}]
["Agroindústria","-",null,"-"]
["Proprietário sem instrução ou com instrução incompleta",38,null,{"v":9.669211195928753,"d":"9.7"}]
["Proprietário com antigo primário completo",161,null,{"v":40.966921119592875,"d":"41.0"}]
["Proprietário com 1° grau (ou antigo ginasial) completo",47,null,{"v":11.959287531806616,"d":"12.0"}]
["Proprietário com 2° grau (ou antigo colegial) completo",69,null,{"v":17.557251908396946,"d":"17.6"}]
["Proprietário com curso superior completo ",72,null,{"v":18.320610687022903,"d":"18.3"}]
["Pessoa Jurídica",6,null,{"v":1.5267175572519085,"d":"1.5"}]
["Proprietário residente na própria UPA ",94,null,{"v":23.918575063613233,"d":"23.9"}]
["Fonte: Secretaria de Agricultura e Abastecimento, CDRS/IEA, Projeto LUPA."]
[]
["TABELA 165.5 - Área Cultivada, Município de Elias Fausto, Estado de São Paulo, 2007/08."]
["CULTURA","N.DE UPAs","MÍNIMO","MÉDIO","MÁXIMO","TOTAL"]
["Cana-de-acucar",179,{"v":1,"d":"1.0"},{"v":61.82,"d":"61.8"},{"v":2100.6,"d":"2,100.6"},{"v":11064.9,"d":"11,064.9"}]
["Braquiaria",217,0.4,{"v":15.49,"d":"15.5"},{"v":221,"d":"221.0"},{"v":3361.7,"d":"3,361.7"}]
["Eucalipto",42,0.2,{"v":17.81,"d":"17.8"},{"v":530,"d":"530.0"},{"v":748,"d":"748.0"}]
["Milho",45,{"v":1,"d":"1.0"},{"v":12.42,"d":"12.4"},{"v":70,"d":"70.0"},559.1]
["Outras gramineas para pastagem",7,1.2,{"v":33.14,"d":"33.1"},{"v":95,"d":"95.0"},{"v":232,"d":"232.0"}]
["Uva rustica",39,{"v":1,"d":"1.0"},{"v":4.65,"d":"4.7"},{"v":12,"d":"12.0"},181.5]
["Tomate envarado",21,0.2,{"v":6.24,"d":"6.2"},{"v":20,"d":"20.0"},131.1]
["Berinjela",31,0.2,{"v":3.82,"d":"3.8"},{"v":18,"d":"18.0"},118.4]
["Pimentao",28,0.2,{"v":3.31,"d":"3.3"},{"v":18,"d":"18.0"},92.7]
["Feijao",8,1.2,{"v":9.01,"d":"9.0"},{"v":34,"d":"34.0"},72.1]
["Gramas",13,0.2,{"v":5.41,"d":"5.4"},24.5,70.3]
["Batata-inglesa (ou batata, ou batatinha)",5,{"v":4,"d":"4.0"},{"v":7.72,"d":"7.7"},{"v":10,"d":"10.0"},38.6]
["Capim-napier (ou capim-elefante)",9,{"v":1,"d":"1.0"},3.4,12.8,30.6]
["Pessego",6,{"v":1,"d":"1.0"},4.3,12.3,25.8]
["Maracuja",4,{"v":2,"d":"2.0"},{"v":4.85,"d":"4.9"},{"v":10,"d":"10.0"},19.4]
["Abobora (ou jerimum)",5,0.4,{"v":2.18,"d":"2.2"},{"v":6,"d":"6.0"},10.9]
["Batata-doce",2,{"v":2,"d":"2.0"},3.4,4.8,6.8]
["Tangerina",5,0.2,{"v":1.08,"d":"1.1"},2.4,5.4]
["Noz-peca  (ou peca)",1,4.8,4.8,4.8,4.8]
["Outras florestais",4,0.2,{"v":0.93,"d":"0.9"},2.4,3.7]
["Pepino",2,0.3,{"v":1.65,"d":"1.7"},{"v":3,"d":"3.0"},3.3]
["Laranja",4,0.2,0.8,{"v":2,"d":"2.0"},3.2]
["Alface",1,{"v":3,"d":"3.0"},{"v":3,"d":"3.0"},{"v":3,"d":"3.0"},{"v":3,"d":"3.0"}]
["Morango",2,{"v":1,"d":"1.0"},1.2,1.4,2.4]
["Limao",1,{"v":2,"d":"2.0"},{"v":2,"d":"2.0"},{"v":2,"d":"2.0"},{"v":2,"d":"2.0"}]
["Outras culturas temporárias",1,{"v":2,"d":"2.0"},{"v":2,"d":"2.0"},{"v":2,"d":"2.0"},{"v":2,"d":"2.0"}]
["Mandioca",1,1.5,1.5,1.5,1.5]
["Banana",1,1.4,1.4,1.4,1.4]
["Goiaba",1,0.6,0.6,0.6,0.6]
["Fumo",1,0.4,0.4,0.4,0.4]
["Capim-gordura",1,0.4,0.4,0.4,0.4]
["Pomar domestico",3,0.1,{"v":0.13,"d":"0.1"},0.2,0.4]
["Jilo",1,0.4,0.4,0.4,0.4]
["Coloniao",1,0.2,0.2,0.2,0.2]
["Viveiro de florestais",1,0.1,0.1,0.1,0.1]
["Fonte: Secretaria de Agricultura e Abastecimento, CDRS/IEA, Projeto LUPA."]